000 00703nam a2200217 i 4500
001 126613
003 ES-MaACL
005 20250929063200.0
007 t|
008 070214s1971 sp |||| | spa d
080 _a323.272(04)
100 1 _aRevel, Jean-François,
_d1924-2006
_996389
245 1 0 _aU.S.A
_b: nueva revolución : (ni Marx ni Jesús) /
_cJean-François Revel ; traducción de Ramón Hernández.
250 _a1ª. ed.
260 _aBarcelona :
_bPlaza & Janés,
_c1971.
300 _a261 p. ;
_c22 cm.
651 4 _aEstados Unidos-
_xSituación social-
_yS.XX.
_9164190
700 1 _aHernández, Ramón.
_962858
852 _aES-MaACL
_jC-38282
999 _c126613
_d126613